The Gospel according to Mark : (Record no. 9396)

MARC details
000 -LEADER
fixed length control field 02593cam a2200361 a 4500
001 - CONTROL NUMBER
control field 855036
003 - CONTROL NUMBER IDENTIFIER
control field OCoLC
005 - DATE AND TIME OF LATEST TRANSACTION
control field 20250626123703.0
007 - PHYSICAL DESCRIPTION FIXED FIELD--GENERAL INFORMATION
fixed length control field ta
008 - FIXED-LENGTH DATA ELEMENTS--GENERAL INFORMATION
fixed length control field 730808s1974 miu b 001 0 eng
020 ## - INTERNATIONAL STANDARD BOOK NUMBER
International Standard Book Number 9780802825025
020 ## - INTERNATIONAL STANDARD BOOK NUMBER
International Standard Book Number 0802825028
035 ## - SYSTEM CONTROL NUMBER
System control number (OCoLC)855036
Canceled/invalid control number (OCoLC)987476
-- (OCoLC)48619941
-- (OCoLC)54771117
-- (OCoLC)615830641
-- (OCoLC)789393918
-- (OCoLC)814403612
-- (OCoLC)918990609
-- (OCoLC)954753075
-- (OCoLC)970815637
-- (OCoLC)1021304132
-- (OCoLC)1056587219
040 ## - CATALOGING SOURCE
Original cataloging agency DLC
Language of cataloging eng
Transcribing agency DLC
Modifying agency NLGGC
-- BTCTA
-- LVB
-- YDXCP
-- OCLCG
-- AU@
-- YBM
-- PB7
-- WY@
-- CBF
-- BAKER
-- SINLB
-- OCLCQ
-- COC
-- BDX
-- EUM
-- OCLCA
-- HNW
-- OCLCA
-- OCLCF
-- OCLCQ
-- LMR
-- SE4M6
-- RCT
-- DHA
-- OCLCQ
-- YBM
-- BRL
-- QGE
-- OCLCQ
-- KFH
-- SGB
-- CIRBC
082 00 - DEWEY DECIMAL CLASSIFICATION NUMBER
Classification number 225.77
Item number NEW
082 00 - DEWEY DECIMAL CLASSIFICATION NUMBER
Classification number 226.3077
Edition information 20
092 0# - LOCALLY ASSIGNED DEWEY CALL NUMBER (OCLC)
Filing suffix R
Classification number 220.77
Item number N53234
245 14 - TITLE STATEMENT
Title The Gospel according to Mark :
Remainder of title the English text with introduction, exposition, and notes /
Statement of responsibility, etc. by William L. Lane.
260 ## - PUBLICATION, DISTRIBUTION, ETC.
Place of publication, distribution, etc. Grand Rapids, Michigan :
Name of publisher, distributor, etc. William B. Eerdmans Publishing Co.,
Date of publication, distribution, etc. ℗♭1974.
300 ## - PHYSICAL DESCRIPTION
Extent xvi, 652 pages ;
Dimensions 23 cm.
336 ## - CONTENT TYPE
Content type term text
Content type code txt
Source rdacontent
337 ## - MEDIA TYPE
Media type term unmediated
Media type code n
Source rdamedia
338 ## - CARRIER TYPE
Carrier type term volume
Carrier type code nc
Source rdacarrier
490 ## - SERIES STATEMENT
Series statement The new international commentary on the New Testament.
Volume/sequential designation v. 2
504 ## - BIBLIOGRAPHY, ETC. NOTE
Bibliography, etc. note Includes bibliographical references.
505 0# - FORMATTED CONTENTS NOTE
Formatted contents note Editor's foreword -- Author's preface -- Introduction. A new direction for Marcan studies -- The tradition concerning the Gospel -- The life situation that occasioned the Gospel -- The date of the Gospel -- The author of the Gospel -- The place of composition -- Some considerations on style and literary method -- Analysis of the Gospel According to Mark -- Select bibliography -- Text, exposition and notes. Chapters 1-8 -- Son of Man in Mark -- Chapters 9-16 -- Additional note on repentance in the rabbinic literature -- Additional note on the supplementary endings to the Gospel -- Additional note on the theology of the Freer Logion.
505 0# - FORMATTED CONTENTS NOTE
Formatted contents note A new direction for Marcan studies -- The tradition concerning the Gospel -- The life situation that occasioned the Gospel -- The date of the Gospel -- The author of the Gospel -- The place of composition -- Some considerations on style and literary method -- Analysis of the Gospel according to Mark.
630 00 - SUBJECT ADDED ENTRY--UNIFORM TITLE
Uniform title Bible.
Name of part/section of a work Mark
Form subdivision Commentaries.
9 (RLIN) 3107
655 #7 - INDEX TERM--GENRE/FORM
Genre/form data or focus term Commentaries.
Source of term fast
Authority record control number or standard number (OCoLC)fst01423723
9 (RLIN) 875
700 1# - ADDED ENTRY--PERSONAL NAME
Personal name Lane, William L.,
Dates associated with a name 1931-
9 (RLIN) 12175
776 08 - ADDITIONAL PHYSICAL FORM ENTRY
Relationship information Online version:
Main entry heading Bible. N.T. Mark. English. 1974.
Title Gospel according to Mark.
Place, publisher, and date of publication Grand Rapids, Eerdmans [1974]
Record control number (OCoLC)707603827
942 ## - ADDED ENTRY ELEMENTS (KOHA)
Source of classification or shelving scheme Dewey Decimal Classification
Koha item type Reference Books
Holdings
Withdrawn status Lost status Source of classification or shelving scheme Damaged status Not for loan Home library Current Library Shelving location Date acquired Total checkouts Full call number Barcode Date last seen Copy number Price effective from Koha item type
    Dewey Decimal Classification     GRACE BIBLE COLLEGE GRACE BIBLE COLLEGE Commentary 2022-11-14   225.77 NEW 015877 2025-05-01 v.2 2022-11-14 Reference Books
© Grace Bible College Library 2025